| 000 | 00382nam a22001697a 4500 | ||
|---|---|---|---|
| 003 | SGT | ||
| 020 | _a9788131263969 | ||
| 082 |
_a611 _bC23S |
||
| 100 | _aSINGH, VISHRAM | ||
| 245 | _aTEXT BOOK OF CLINICAL EMBRYOLOGY | ||
| 250 | _a3RD | ||
| 260 |
_aINDIA _bELSEVIER _c2023 |
||
| 300 | _a404 | ||
| 650 | _aEMBRYOLOGY | ||
| 653 | _aCLINICAL, EMBRYOLOGY, ANATOMY | ||
| 942 |
_2ddc _cBK |
||
| 999 |
_c29169 _d29169 |
||